Conferencias pronunciadas durante el curso 1944-45. (Record no. 187959)
[ view plain ]
| 000 -LEADER | |
|---|---|
| campo de control de longitud fija | 01551nam a2200325 i 4500 |
| 001 - NÚMERO DE CONTROL | |
| campo de control | 187959 |
| 003 - IDENTIFICADOR DE NÚMERO DE CONTROL | |
| campo de control | ES-MaACL |
| 005 - FECHA Y HORA DE LA ÚLTIMA TRANSACCIÓN | |
| campo de control | 20251007171526.0 |
| 008 - DATOS DE LONGITUD FIJA--INFORMACIÓN GENERAL | |
| campo de control de longitud fija | 180402s1945 sp |||| | spa d |
| 245 00 - MENCIÓN DEL TÍTULO | |
| Título | Conferencias pronunciadas durante el curso 1944-45. |
| 246 3# - FORMA VARIANTE DEL TITULO | |
| Título propio/Titulo breve | Escuela Diplomática : |
| Resto del título | curso de 1944-45 . |
| 260 ## - PUBLICACIÓN, DISTRIBUCIÓN, ETC. | |
| Lugar de publicación, distribución, etc. | Madrid : |
| Nombre del editor, distribuidor, etc. | Ministerio de Asuntos Exteriores, Escuela Diplomática, |
| Fecha de publicación, distribución, etc. | 1945. |
| 300 ## - DESCRIPCIÓN FÍSICA | |
| Extensión | 397 p. ; |
| Dimensiones | 24 cm. |
| 594 ## - Nota al título y mención de responsabilidad | |
| Nota al título y mención de responsabilidad | Conferencias pronunciadas por los señores Ferrandis (D. Manuel), González-Hontoria (Don Manuel), Lojendio (D. Ignacio María de), Llanos y Torriglia (D. Félix de), Madrazo (D. Mariano), Pérez Bustamante (D. Ciriaco), Poch (D. Antonio), Rolland (D. Bernardo), Rumeu de Armas (D. Antonio) y Sosa (D. Luis de) |
| 650 #4 - PUNTO DE ACCESO ADICIONAL DE MATERIA--TÉRMINO DE MATERIA | |
| Término de materia o nombre geográfico como elemento de entrada | Relaciones internacionales. |
| 9 (RLIN) | 16783 |
| 651 #4 - PUNTO DE ACCESO ADICIONAL DE MATERIA--NOMBRE GEOGRÁFICO | |
| Nombre geográfico | España- |
| Subdivisión general | Historia. |
| 9 (RLIN) | 8209 |
| 700 1# - ENTRADA AGREGADA--NOMBRE PERSONAL | |
| Nombre de persona | Ferrandis Torres, Manuel. |
| 9 (RLIN) | 50268 |
| 700 1# - ENTRADA AGREGADA--NOMBRE PERSONAL | |
| Nombre de persona | González-Hontoria y Fernández Ladreda, Manuel, |
| Fechas asociadas al nombre | 1878-1954 |
| 9 (RLIN) | 58721 |
| 700 1# - ENTRADA AGREGADA--NOMBRE PERSONAL | |
| Nombre de persona | Lojendio Irure, Ignacio María. |
| 9 (RLIN) | 150808 |
| 700 1# - ENTRADA AGREGADA--NOMBRE PERSONAL | |
| Nombre de persona | Llanos y Torriglia, Félix de, |
| Fechas asociadas al nombre | 1868-1949 |
| 9 (RLIN) | 72719 |
| 700 1# - ENTRADA AGREGADA--NOMBRE PERSONAL | |
| Nombre de persona | Madrazo, Mariano de, |
| Fechas asociadas al nombre | 1894-1990 |
| 9 (RLIN) | 163848 |
| 700 1# - ENTRADA AGREGADA--NOMBRE PERSONAL | |
| Nombre de persona | Pérez-Bustamante, Ciriaco, |
| Fechas asociadas al nombre | 1896-1975 |
| 9 (RLIN) | 90682 |
| 700 1# - ENTRADA AGREGADA--NOMBRE PERSONAL | |
| Nombre de persona | Poch, Antonio. |
| 9 (RLIN) | 92694 |
| 700 1# - ENTRADA AGREGADA--NOMBRE PERSONAL | |
| Nombre de persona | Rolland de Miota, Bernardo. |
| 9 (RLIN) | 173603 |
| 700 1# - ENTRADA AGREGADA--NOMBRE PERSONAL | |
| Nombre de persona | Rumeu de Armas, Antonio, |
| Fechas asociadas al nombre | 1912-2006 |
| 9 (RLIN) | 100991 |
| 700 1# - ENTRADA AGREGADA--NOMBRE PERSONAL | |
| Nombre de persona | Sosa, Luis de, |
| Fechas asociadas al nombre | 1902-1971 |
| 9 (RLIN) | 107435 |
| 710 2# - ENTRADA AGREGADA--NOMBRE DE ENTIDAD CORPORATIVA | |
| Nombre de entidad corporativa o nombre de jurisdicción como elemento de entrada | Escuela Diplomática (España) |
| 9 (RLIN) | 3563 |
| 852 ## - LOCALIZACIÓN | |
| Ubicación | ES-MaACL |
| Número de control de estantería | B-13892 |
| Estatus retirado | Estado de pérdida | Estado de daño | No para préstamo | Biblioteca de origen | Biblioteca actual | Ubicación en estantería | Fecha de adquisición | Fuente de adquisición | Total de préstamos | Signatura topográfica completa | Código de barras | Visto por última vez | Precio de reemplazo | Tipo de ítem Koha |
|---|---|---|---|---|---|---|---|---|---|---|---|---|---|---|
| Biblioteca del Ateneo de Madrid | Biblioteca del Ateneo de Madrid | Sala Pardo Bazán | 02/04/2018 | B-13892 | 1198611 | 23/02/2023 | 23/02/2023 | Libro impreso |
